000 01533nam a2200385 i 4500
003 DO-SdBNP
005 20240314112827.0
007 ta
008 240314s2023 dr a 000 j spa d
020 _a9789945920833
040 _aDO-SdBNP
_bspa
_cBNPHU
_erda
082 _bC882
_222
100 _aCazorla, Adolfo
_911765
245 1 3 _aEl papel de los profesores en las universidades de investigación :
_brelevancia en los rankings /
_cAdolfo Cazorla, Ignacio de los Ríos, Gonzalo Dávila, Emilio Mínguez, Alejandro Fontana y otros ; presentación Franklin García Fermín ; prólogo José Alejandro Aybar M.
264 1 _aSanto Domingo :
_bUNICARIBE,
_c2023.
300 _a225 páginas,
_c23 cm.
336 _2rdacontent
_atexto
_btxt
337 _2rdamedia
_asin mediación
_bn
338 _2rdacarrier
_avolumen
_bnc
500 _aIncluye datos curriculares de los autores, páginas 217-225.
590 _aInventariado, 2024/ YL
700 1 _aríos, Ignacio de los
_eautor
_985035
700 1 _aDávila, Gonzalo
_eautor
_985036
700 1 _aMínguez, Emilio
_eautor
_985037
700 1 _aFontana, Alejandro
_eautor
_985038
700 1 _aNavarro, José Antonio
_eautor
_985039
700 1 _aGalindo, Raquel
_eautor
_985040
700 1 _aMontes, Agustín
_eautor
_985041
700 1 _aSommer, Doris
_eautor
_985042
700 1 _aGarcía Fermín, Franklin
_epresentación
700 1 _aAybar M., José Alejandro
_eprólogo
_985043
710 _aUniversidad del Caribe
_918787
910 _aYLockward
942 _2ddc
_cLBS1
999 _c56105
_d56105